00683nam a22002177a 4500003000500000005001700005008004100022010001000063011001000073035001000083040000900093082001600102100002100118245008400139260009300223300001100316490002100327650004800348650004800396830002100444CHAP20220329140753.0971013s1942 enk r 00010 eng d a57335 a58307 a62462 cCHAP04a591.942bS500aSmart, Johneed.1 aBibliography of key works for the identification of the British fauna and flora aLondon :bAssociation for the Study of Systematics in Relation to General Biology,c1942 a105 p. aPublicationv; 114aBiologíaxBibliografíaxGran Bretaña.14aZoologíaxBibliografíaxGran Bretaña.0 aPublicationv; 1